A ilha misteriosa (Registo nº 2142)
[ vista simples ]
| 000 -Etiqueta do registo | |
|---|---|
| Cabeçalho | 00913nam a22002771 4500 |
| 005 - Identificador da versão | |
| Campo de controlo | 20240813121926.0 |
| 095 ## - | |
| -- | PTBN00037373 |
| 100 ## - Dados gerais de processamento | |
| Dados gerais de processamento | 19931201g19829999a y0pory5003 ba |
| 102 ## - Pais de publicação ou produção | |
| País de publicação | Portugal |
| 101 1# - Língua de publicação | |
| Língua do texto, banda sonora, etc. | Português |
| Língua do documento no original | Francês |
| 215 ## - Descrição física | |
| Indicação específica da natureza do documento e extensão da espécie | v. |
| Outras indicações físicas | il. |
| Dimensões | 18 cm |
| 200 1# - Titulo e menção de responsabilidade | |
| Título próprio | A ilha misteriosa |
| Primeira menção de responsabilidade | Júlio Verne |
| Outras menções de responsabilidade | trad. Henrique de Macedo |
| -- | desenhos Férat |
| 225 2# - Colecção | |
| Título próprio da colecção | Obras de Júlio Verne |
| 210 ## - Publicação, Distribuição, etc. | |
| Lugar da edição, distribuição, etc. | Amadora |
| Nome do editor, distribuidor, etc. | Bertrand |
| Data da publicação, distribuição, etc. | imp. 1982- |
| 327 0# - Nota de conteúdo | |
| Texto da nota | 1º v.: Os náufragos do ar.- 247 p.0 |
| -- | 2º v.: O abandonado.- 245 p. |
| 304 ## - Notas relativas a título e menção de responsabilidade | |
| Texto da nota | Tít. orig. L'ile mystériuese |
| 606 ## - Nome comum usado como assunto | |
| Número de registo de entrada de autoridade | 0000479 |
| Palavra de ordem | Literatura estrangeira juvenil |
| Subdivisão de assunto | Romance de aventuras |
| 675 ## - Classificação Decimal Universal (CDU) | |
| Notação | 82-311.3 |
| Edição | 2ª |
| Língua da edição | por |
| 702 #1 - Nome de autor-pessoa física (responsabilidade secundária) | |
| Número de registo de entrada de autoridade | 0000918 |
| Palavra de ordem | Macedo |
| Outra parte do nome não tomada para palavra de ordem | Henrique de |
| Datas | 1843-? |
| Código de função | Tradutor |
| Número de registo de entrada de autoridade | 0000919 |
| Palavra de ordem | Férat |
| Outra parte do nome não tomada para palavra de ordem | J. |
| Código de função | Ilustrador / Técnico de desenho computorizado |
| 700 #1 - Nome de autor-pessoa física (responsabilidade principal) | |
| Número de registo de entrada de autoridade | 0000915 |
| Palavra de ordem | Verne |
| Outra parte do nome não tomada para palavra de ordem | Jules |
| Datas | 1828-1905 |
| 942 ## - Elementos de entrada adicionados (Koha) | |
| Tipo de item no Koha | Livro |
| Situação do levantamento | Origin of item (home branch) (coded) | Biblioteca de empréstimo | Código de barras | Cota | Circulation type (not for loan) | Tipo de documento | Nota do exemplar | Damaged status |
|---|---|---|---|---|---|---|---|---|
| Biblioteca Escolar da Coca Maravilhas | Biblioteca Escolar da Coca Maravilhas | BECM2018/93 | 8EST VER | Livro | Sem mensagem |
